000 01251nam a22003614i 4500
999 _c63630
_d63630
001 ebr10458401
003 CO-MdFUSB
005 20200408150333.0
007 cr cn|||||||||
008 201104t2011 sp ||||gs|||||||||||spa d
020 _a9788446033318
_qelectrónico
040 _aCO-MdFUSBC
_bspa.
_cCO-MdFUSB
_dCO-MdFUSBC
_erda
041 _aspa
082 0 4 _a801
_222
245 1 0 _aRelatos bíblicos :
_bdesde Abrahán hasta los Macabeos : la historia del antiguo Israel
_c/ editado por José Manuel González Espino.
_h[recurso electrónico]
264 1 _aEspaña :
_bAkal,
_c[2011]
264 4 _c© 2011
300 _arecurso en línea (412 páginas)
_c;
336 _2rdacontent
_atexto
_btxt
337 _2rdamedia
_ainformático
_bc
338 _2rdacarrier
_aremoto
_bcr
347 _2rda
_afichero de texto
_bHtml
490 _aAkal Literaturas
516 _aTexto electrónico
538 _aAcceso a Internet; requiere usuario y clave asignada por la biblioteca
650 0 _aReligión.
650 0 _aLiteratura.
700 1 _aGonzález Espino, José Manuel,
_eeditor
856 4 0 _b10458401
_zAbrir Versión electrónica del libro
942 _cBK
945 _aJTF-925